000 01156nam a2200301 a 4500
001 000115871
003 CHAP
005 20220329144552.0
008 190718s2019 mx a |sm |||||||spa d
010 _a112332
011 _a113304
040 _cCHAP
090 _aTesis
100 1 _aAguilar Aburto, Jennifer.
_9136520
245 1 0 _aAspectos bioecologícos y distribución espacial de Frankliniella occidentalis en el cultivo de zarzamora (Rubus sp.) en Michoacán
_h[En línea]
_cpor Jennifer Aguilar Aburto.
260 _aChapingo, Méx. :
_bEl autor,
_c2019.
500 _aPara ver el contenido del material haga clic en la liga
502 _aTesis (M. C. en Proteción Vegetal) -- UACH. Departamento de Parasitología Agrícola
590 _aE6337LMJ
_b05
_c20190718
_lUCH01
_h1012
590 _aE6337LMJ
_b05
_c20190718
_lUCH01
_h1012
650 1 4 _aFrankliniella occidentalis
_xHábitos y conducta.
_9136521
650 1 4 _aZarzamora
_xFisiología y morfología.
_9136522
650 1 4 _aZarzamora
_xPlagas.
_9123743
856 _aFinding aid
_uhttp://10.13.5.2/tesis/sist115871.pdf
_zTeclea aquí
901 _aBK
942 _cTESIS
942 _n0
999 _c112332
_d112332